Duos de réalisateur·rice et d'acteur·rice - Statistiques

Statistiques générales
  • Ce quiz a été pris 43 fois
  • Le résultat moyen est 16 sur 30
Statistiques - réponses
Réponse % Correct
Quentin Tarantino
89%
Robert de Niro
89%
Martin Scorsese
86%
Catherine Deneuve
80%
Sofia Coppola
80%
Pedro Almodóvar
71%
Samuel L. Jackson
71%
Federico Fellini
69%
Jacques Demy
69%
Akira Kurosawa
63%
Penélope Cruz
63%
Jean-Luc Godard
60%
Kirsten Dunst
54%
Claude Chabrol
51%
John Ford
51%
John Wayne
51%
Wes Anderson
51%
Billy Wilder
49%
Ingmar Bergman
49%
Isabelle Huppert
49%
Anna Karina
46%
David Lean
46%
Jack Lemmon
46%
Marcello Mastroianni
46%
John Cassavetes
37%
Bill Murray
34%
Gena Rowlands
29%
Alec Guinness
26%
Liv Ullmann
26%
Toshirō Mifune
20%
Aucun quiz correspondant
Distribution des résultats
% des personnes avec chaque résultat
Percentile par nombre de réponses
Votre historique - résultats
Vous n’avez pas pris ce quiz